आमचा बाप आन आम्ही (Record no. 1251440)

MARC details
000 -LEADER
fixed length control field 00654nam a2200193Ia 4500
008 - FIXED-LENGTH DATA ELEMENTS--GENERAL INFORMATION
fixed length control field 151121s9999||||xx |||||||||||||| ||und||
082 ## - DEWEY DECIMAL CLASSIFICATION NUMBER
Classification number 920/जाधव
082 ## - DEWEY DECIMAL CLASSIFICATION NUMBER
Item number HNW-69962
100 ## - MAIN ENTRY--PERSONAL NAME
Personal name जाधव नरेंद्र
245 ## - TITLE STATEMENT
Title आमचा बाप आन आम्ही
260 ## - PUBLICATION, DISTRIBUTION, ETC. (IMPRINT)
Name of publisher, distributor, etc "ग्रंथाली प्रकाशन,मुंबई।"
260 ## - PUBLICATION, DISTRIBUTION, ETC. (IMPRINT)
Date of publication, distribution, etc --
300 ## - PHYSICAL DESCRIPTION
Extent 230
600 ## - SUBJECT ADDED ENTRY--PERSONAL NAME
Personal name जाधव नरेंद्र
630 ## - SUBJECT ADDED ENTRY--UNIFORM TITLE
Uniform title आमचा बाप आन आम्ही
700 ## - ADDED ENTRY--PERSONAL NAME
Personal name जाधव नरेंद्र
730 ## - ADDED ENTRY--UNIFORM TITLE
Uniform title आमचा बाप आन आम्ही
942 ## - ADDED ENTRY ELEMENTS (KOHA)
Koha item type Book
Holdings
Withdrawn status Lost status Damaged status Not for loan Home library Current library Date acquired Cost, normal purchase price Total Checkouts Full call number Barcode Date last seen Cost, replacement price Price effective from Koha item type
        Hirachand Nemchand Wachanalaya, Solapur Hirachand Nemchand Wachanalaya, Solapur 11/21/2015 125.00   HNW-69962 HNW-69962 11/21/2015 125.00 11/21/2015 Book